Cooper and Gunn's Tutorial pharmacy /

Bibliographic Details
Main Author: Cooper, John W. (John William), 1896-
Other Authors: Gunn, Colin (joint author.), Carter, Sidney James (ed.)
Format: Book
Language:English
Published: London, New Delhi : Pitman Medical ; CBS Publishers, 1972 [reprinted 2005]
Edition:Six edition;
Subjects:
Classic Catalogue: View this record in Classic Catalogue
LEADER 02053nam a2200337 a 4500
001 3148500
003 BD-DhAAL
008 090727r20051972enka b 001 0 eng d
010 |a \\\73594646  
020 |a 0272793205 
020 |a 8123909047 
040 |a DLC  |c DLC  |d DLC  |d BD-DhAAL 
082 0 0 |a 615.19  |2 18 
100 1 |a Cooper, John W.  |q (John William),  |d 1896-  |9 2635 
240 1 0 |a Tutorial pharmacy 
245 1 0 |a Cooper and Gunn's Tutorial pharmacy /  |c John W. Cooper. 
250 |a Six edition;  |b edited by S. J. Carter with contributions by ... [others]. 
260 |a London,  |b Pitman Medical ;  |a New Delhi :  |b CBS Publishers,  |c 1972 [reprinted 2005] 
300 |a ix, 472 pages :  |b illustrations ;  |c 26 cm. 
504 |a Includes bibliographies and index. 
526 |x Mustak Ibn Ayub Department of Mathematics and Natural Sciences Course name and no. "not available" 
541 1 |e 00018862 
650 0 |a Pharmacy. 
700 1 |a Gunn, Colin,  |e joint author.  |9 2638 
700 1 |a Carter, Sidney James,  |e ed.  |9 2639 
852 4 |a Ayesha Abed Library  |j General shelf 
942 |2 ddc  |c BK 
999 |c 7993  |d 7993 
952 |0 0  |1 0  |2 ddc  |4 0  |6 615_190000000000000_COO_2005  |7 0  |9 9044  |a BRACUL  |b BRACUL  |c GEN  |d 2010-04-07  |e Parash Publishers  |g 397.00  |l 4  |m 32  |o 615.19 COO  |p 3010018862  |r 2025-01-05  |s 2025-01-05  |t 1  |w 2010-04-07  |y BK  |x Requisitioned by Mustak Ibn Ayub, Department of Mathematics and Natural Sciences, Course name and no. "not available" 
952 |0 0  |1 0  |2 ddc  |4 0  |6 615_190000000000000_COO_2005  |7 0  |9 10221  |a BRACUL  |b BRACUL  |c GEN  |d 2010-05-16  |e Parash Publishers  |g 397.00  |l 4  |m 9  |o 615.19 COO  |p 3010018861  |r 2017-06-05  |s 2017-05-27  |t 2  |w 2010-05-16  |y BK  |x Requisitioned by Mustak Ibn Ayub, Department of Mathematics and Natural Sciences, Course name and no. "not available" 
952 |0 0  |1 0  |2 ddc  |4 0  |6 615_000000000000000__19_COO_2005  |7 0  |9 10222  |a BDI  |b BDI  |d 2010-05-16  |e Parash Publishers  |g 397.00  |l 5  |m 25  |o 615.19 COO  |p 3010018860  |r 2016-12-15  |s 2016-12-04  |t 3  |w 2010-05-16  |y BK  |x Requisitioned by Mustak Ibn Ayub, Department of Mathematics and Natural Sciences, Course name and no. "not available"